[Event "Hamburg HSK Christmas op 1st"]
[Site "Hamburg"]
[Date "2015.12.28"]
[Round "5"]
[White "Bracker, Arne"]
[Black "Krueger, David"]
[Result "1-0"]
[WhiteElo "2231"]
[BlackElo "2024"]
[PlyCount "46"]
[EventDate "2015.12.27"]
[EventType "swiss"]
[EventRounds "7"]
[EventCountry "GER"]
[SourceTitle "EXT 2022"]
[Source "ChessBase"]
[SourceDate "2021.10.06"]
[SourceVersion "1"]
[SourceVersionDate "2021.10.06"]
[SourceQuality "1"]

1. e4 e5 2. Nf3 Nc6 3. Bc4 Nf6 4. d3 Bc5 5. c3 a6 6. Bb3 d6 7. h3 Ba7 8. Nbd2 h6 9. Nf1 Ne7 10. Ng3 Ng6 11. 0-0 Be6 12. Bxe6 fxe6 13. Qb3 Qd7 14. Qxb7 Ke7 15. Qb3 Nf4 16. d4 N6h5 17. Nxh5 Nxh5 18. dxe5 Rhf8 19. Qd1 Rad8 20. exd6+ cxd6 21. Nd4 Qe8 22. Qe2 Ra8 23. Qxa6 Bxd4 1-0

[Event "Hamburg St Pauli op-A"]
[Site "Hamburg"]
[Date "2015.07.22"]
[Round "6"]
[White "Krueger, David"]
[Black "Ulvnes, Roar Nikolai"]
[Result "1-0"]
[WhiteElo "1928"]
[BlackElo "2089"]
[PlyCount "33"]
[EventDate "2015.07.18"]
[EventType "swiss"]
[EventRounds "9"]
[EventCountry "GER"]
[SourceTitle "EXT 2016"]
[Source "ChessBase"]
[SourceDate "2015.10.08"]
[SourceVersion "1"]
[SourceVersionDate "2015.10.08"]
[SourceQuality "1"]

1. e4 c5 2. Nf3 Nc6 3. c3 d5 4. exd5 Qxd5 5. Na3 Bg4 6. Be2 Nf6 7. d3 e5 8. Nc4 Bh5 9. Qa4 0-0-0 10. Be3 Ng4 11. b4 Nxe3 12. Nxe3 Qd6 13. b5 Nb8 14. Qxa7 Nd7 15. Nc4 Qf6 16. 0-0 Bd6 17. Na5 1-0

[Event "GER-ch U16"]
[Site "Willingen"]
[Date "2015.05.29"]
[Round "8"]
[White "Tiarks, Jann Christian"]
[Black "Krueger, David"]
[Result "1/2-1/2"]
[WhiteElo "1836"]
[BlackElo "1919"]
[PlyCount "62"]
[EventDate "2015.05.24"]
[EventType "swiss"]
[EventRounds "9"]
[EventCountry "GER"]
[SourceTitle "CBM 166 Extra"]
[Source "ChessBase"]
[SourceDate "2015.06.18"]
[SourceVersion "1"]
[SourceVersionDate "2015.06.18"]
[SourceQuality "1"]

1. e4 e5 2. Nf3 Nc6 3. d4 exd4 4. Bc4 Bc5 5. 0-0 Nf6 6. e5 d5 7. Bb5 Ne4 8. Nxd4 Bd7 9. Bxc6 bxc6 10. Be3 0-0 11. Nd2 Nxd2 12. Qxd2 Bb6 13. Nb3 Qe7 14. Rfe1 Rae8 15. Rad1 Bg4 16. f3 Bf5 17. g4 Qg5 18. Nc5 Qe7 19. b4 a5 20. c3 Qxe5 21. Bd4 Qd6 22. Nb7 Qg6 23. Nxa5 Bxa5 24. bxa5 Ra8 25. Bc5 Rfb8 26. Bb4 Bc2 27. Ra1 Re8 28. Qf4 Ba4 29. Qxc7 Rec8 30. Qe5 Bb5 31. Qd4 h6 1/2-1/2

[Event "GER-ch U16"]
[Site "Willingen"]
[Date "2015.05.26"]
[Round "4"]
[White "Krueger, David"]
[Black "Hartge, Gedeon"]
[Result "1-0"]
[WhiteElo "1919"]
[BlackElo "1973"]
[PlyCount "107"]
[EventDate "2015.05.24"]
[EventType "swiss"]
[EventRounds "9"]
[EventCountry "GER"]
[SourceTitle "CBM 166 Extra"]
[Source "ChessBase"]
[SourceDate "2015.06.18"]
[SourceVersion "1"]
[SourceVersionDate "2015.06.18"]
[SourceQuality "1"]

1. e4 c5 2. Nf3 e6 3. b3 b6 4. Bb2 Bb7 5. Nc3 a6 6. a4 Ne7 7. g3 Ng6 8. Bg2 Be7 9. h4 Bf6 10. h5 Ne5 11. Nxe5 Bxe5 12. Qg4 0-0 13. h6 g6 14. Qe2 Nc6 15. 0-0 Bd4 16. Qg4 Ne5 17. Qh3 Qg5 18. Rad1 Qg4 19. Kh1 Qxh3+ 20. Bxh3 Bxc3 21. Bxc3 Bxe4+ 22. Bg2 Bxg2+ 23. Kxg2 Nc6 24. Bf6 d5 25. f4 Rfe8 26. Rfe1 b5 27. axb5 axb5 28. Ra1 Rec8 29. Kf3 Nb4 30. Rec1 Kf8 31. Ke2 d4 32. c4 bxc4 33. bxc4 Nc6 34. Rcb1 Rxa1 35. Rxa1 Ke8 36. Rb1 Rb8 37. Rxb8+ Nxb8 38. Be5 Nd7 39. Bd6 f6 40. Kd3 g5 41. Kc2 Kf7 42. Kb3 gxf4 43. gxf4 Kg6 44. Ka4 Kxh6 45. Kb5 Kg6 46. Kc6 Kf5 47. Kxd7 e5 48. fxe5 fxe5 49. Bxc5 h5 50. Be7 Kg4 51. c5 e4 52. c6 d3 53. Bc5 h4 54. c7 1-0

[Event "GER-ch U16"]
[Site "Willingen"]
[Date "2015.05.24"]
[Round "1"]
[White "Uksini, Bardhyl"]
[Black "Krueger, David"]
[Result "1-0"]
[WhiteElo "2183"]
[BlackElo "1919"]
[PlyCount "87"]
[EventDate "2015.05.24"]
[EventType "swiss"]
[EventRounds "9"]
[EventCountry "GER"]
[SourceTitle "CBM 166 Extra"]
[Source "ChessBase"]
[SourceDate "2015.06.18"]
[SourceVersion "1"]
[SourceVersionDate "2015.06.18"]
[SourceQuality "1"]

1. d4 Nf6 2. c4 c5 3. d5 b5 4. cxb5 a6 5. bxa6 g6 6. Nc3 Bg7 7. e4 0-0 8. Nf3 Qa5 9. Bd2 Bxa6 10. Be2 Qb4 11. Bxa6 Nxa6 12. Qe2 Qxb2 13. Rb1 Qa3 14. Rb3 Qa5 15. 0-0 Nc7 16. Rfb1 Qa6 17. Qxa6 Nxa6 18. e5 Ne8 19. Rb7 d6 20. Rxe7 dxe5 21. Rb6 Nb4 22. d6 Rd8 23. a3 Nxd6 24. axb4 Nc4 25. bxc5 Nxd2 26. Nxd2 Rxd2 27. g3 Rc2 28. Ne4 f5 29. Rbb7 Bf6 30. Nxf6+ Rxf6 31. Rg7+ Kf8 32. Rxh7 Kg8 33. Rhg7+ Kf8 34. Rgc7 Kg8 35. Rb8+ Rf8 36. Rb6 f4 37. Rxg6+ Kh8 38. Rh6+ Kg8 39. Rg6+ Kh8 40. Rgg7 Re8 41. Rh7+ Kg8 42. Rhg7+ Kh8 43. gxf4 exf4 44. Rgf7 1-0

[Event "GER-chT Lands U20"]
[Site "Hannover"]
[Date "2014.10.07"]
[Round "7.4"]
[White "Nguyen, Huy Dat"]
[Black "Krueger, David"]
[Result "1/2-1/2"]
[WhiteElo "1952"]
[BlackElo "2036"]
[PlyCount "61"]
[EventDate "2014.10.03"]
[EventType "team-swiss"]
[EventRounds "7"]
[EventCountry "GER"]
[SourceTitle "CBM 162 Extra"]
[Source "ChessBase"]
[SourceDate "2014.10.17"]
[SourceVersion "1"]
[SourceVersionDate "2014.10.17"]
[SourceQuality "1"]
[WhiteTeam "Thueringen"]
[BlackTeam "Hamburg"]
[WhiteTeamCountry "GER"]
[BlackTeamCountry "GER"]

1. e4 e5 2. Nf3 Nc6 3. Bc4 Bc5 4. c3 Nf6 5. d3 d6 6. Bb3 a6 7. h3 Ba7 8. Nbd2 0-0 9. Nf1 Ne7 10. Ng3 Ng6 11. 0-0 Be6 12. Be3 Qc8 13. Bxe6 fxe6 14. Bxa7 Rxa7 15. d4 exd4 16. cxd4 h6 17. Rc1 Qd7 18. Qc2 Ne8 19. Qb3 Nf4 20. Qe3 b6 21. Ne2 Ng6 22. Ne1 e5 23. Nd3 exd4 24. Qxd4 Qf7 25. Qd5 Ne7 26. Qxf7+ Kxf7 27. Nc3 Ke6 28. f4 g6 29. g4 c6 30. f5+ gxf5 31. exf5+ 1/2-1/2

[Event "GER-chT Lands U20"]
[Site "Hannover"]
[Date "2014.10.06"]
[Round "6.4"]
[White "Krueger, David"]
[Black "Schmekel, Florian"]
[Result "1-0"]
[WhiteElo "2036"]
[BlackElo "1789"]
[PlyCount "79"]
[EventDate "2014.10.03"]
[EventType "team-swiss"]
[EventRounds "7"]
[EventCountry "GER"]
[SourceTitle "CBM 162 Extra"]
[Source "ChessBase"]
[SourceDate "2014.10.17"]
[SourceVersion "1"]
[SourceVersionDate "2014.10.17"]
[SourceQuality "1"]
[WhiteTeam "Hamburg"]
[BlackTeam "Mecklenburg Vorpommern"]
[WhiteTeamCountry "GER"]
[BlackTeamCountry "GER"]

1. e4 c5 2. Nf3 Nc6 3. d4 cxd4 4. Nxd4 g6 5. c4 Bh6 6. Nc2 Bxc1 7. Qxc1 Nf6 8. Nc3 0-0 9. Be2 d6 10. 0-0 a5 11. Kh1 Nd7 12. Rb1 Nc5 13. Qe3 f5 14. f4 fxe4 15. Rbd1 e5 16. Nb5 Qe7 17. Rxd6 exf4 18. Qxc5 f3 19. gxf3 exf3 20. Bxf3 Bh3 21. Rf2 Rae8 22. Qd5+ Kh8 23. Qd2 Nb4 24. Bg2 Bxg2+ 25. Kxg2 Qe4+ 26. Kg1 Nxc2 27. Qc3+ Kg8 28. Rxc2 Qg4+ 29. Rg2 Qe4 30. Rd1 Rf3 31. Qc1 Qe5 32. Rf1 Re3 33. b3 Qc5 34. Kh1 Re2 35. Qf4 Qe7 36. Nd6 Rxg2 37. Kxg2 Rd8 38. Ne4 Qe6 39. Nf6+ Kh8 40. Nd5 1-0

[Event "Hamburg-ch MA"]
[Site "Hamburg"]
[Date "2014.06.15"]
[Round "9"]
[White "Breyther, Ruediger"]
[Black "Krueger, David"]
[Result "1/2-1/2"]
[WhiteElo "2336"]
[BlackElo "1865"]
[PlyCount "45"]
[EventDate "2014.06.07"]
[EventType "swiss"]
[EventRounds "9"]
[EventCountry "GER"]
[SourceTitle "CBM 161 Extra"]
[Source "ChessBase"]
[SourceDate "2014.08.29"]
[SourceVersion "1"]
[SourceVersionDate "2014.08.29"]
[SourceQuality "1"]

1. e4 e5 2. Nf3 Nc6 3. Bb5 f5 4. d3 fxe4 5. dxe4 Bb4+ 6. c3 Bc5 7. 0-0 Nf6 8. Bg5 d6 9. b4 Bb6 10. Nbd2 0-0 11. Nc4 Be6 12. a4 a5 13. Nxb6 cxb6 14. bxa5 bxa5 15. Nd2 Qc7 16. Bxf6 Rxf6 17. Bc4 Bxc4 18. Nxc4 Kf8 19. Ne3 Ne7 20. Qd3 Ra6 21. Rab1 Rc6 22. c4 b6 23. Rb5 1/2-1/2

[Event "Hamburg-ch MA"]
[Site "Hamburg"]
[Date "2014.06.09"]
[Round "3"]
[White "Kopisch, Martin"]
[Black "Krueger, David"]
[Result "1-0"]
[WhiteElo "2147"]
[BlackElo "1865"]
[PlyCount "65"]
[EventDate "2014.06.07"]
[EventType "swiss"]
[EventRounds "9"]
[EventCountry "GER"]
[SourceTitle "CBM 161 Extra"]
[Source "ChessBase"]
[SourceDate "2014.08.29"]
[SourceVersion "1"]
[SourceVersionDate "2014.08.29"]
[SourceQuality "1"]

1. e4 e5 2. Nf3 Nc6 3. Bb5 a6 4. Ba4 Nf6 5. Qe2 b5 6. Bb3 Bc5 7. a4 b4 8. Bxf7+ Kxf7 9. Qc4+ Ke8 10. Qxc5 Nxe4 11. Qe3 d5 12. d3 Nf6 13. Nxe5 Nxe5 14. Qxe5+ Kf7 15. 0-0 Re8 16. Qd4 Qd6 17. Bf4 Qc6 18. Nd2 a5 19. Nf3 Kg8 20. Be5 Bd7 21. Rfe1 Re6 22. Bxf6 Rxe1+ 23. Rxe1 gxf6 24. Qf4 Re8 25. Rxe8+ Bxe8 26. h3 Qxc2 27. Qxf6 Qxd3 28. Qe6+ Kf8 29. Ne5 Qe4 30. Qf6+ Kg8 31. Ng4 Qb1+ 32. Kh2 Qg6 33. Nh6+ 1-0

[Event "GER-chT Lands U20"]
[Site "Hannover"]
[Date "2013.10.02"]
[Round "1.5"]
[White "Carow, Annelen"]
[Black "Krueger, David"]
[Result "1/2-1/2"]
[WhiteElo "2037"]
[BlackElo "1872"]
[PlyCount "106"]
[EventDate "2013.10.02"]
[EventType "team-swiss"]
[EventRounds "7"]
[EventCountry "GER"]
[SourceTitle "EXT 2014"]
[Source "ChessBase"]
[SourceDate "2013.11.20"]
[SourceVersion "1"]
[SourceVersionDate "2013.11.20"]
[SourceQuality "1"]
[WhiteTeam "Rheinland Pfalz"]
[BlackTeam "Hamburg"]
[WhiteTeamCountry "GER"]
[BlackTeamCountry "GER"]

1. d4 d5 2. c4 c6 3. e3 Nf6 4. Nf3 e6 5. Nbd2 Nbd7 6. Bd3 Bd6 7. 0-0 0-0 8. e4 dxe4 9. Nxe4 Nxe4 10. Bxe4 Nf6 11. Bc2 Qc7 12. c5 Bf4 13. Qd3 Rd8 14. Be3 b6 15. b4 h6 16. g3 e5 17. Bxf4 exf4 18. Ne5 a5 19. a3 Ba6 20. Nc4 Qd7 21. Rfd1 Qh3 22. gxf4 Qg4+ 23. Kh1 Bxc4 24. Qxc4 Qf3+ 25. Kg1 Ng4 26. Qf1 Qxf4 27. Qg2 bxc5 28. h3 Nf6 29. dxc5 axb4 30. axb4 Rxa1 31. Rxa1 Nd5 32. b5 Qd4 33. Rd1 Qxc5 34. Qe4 Qb6 35. Qh7+ Kf8 36. Re1 f5 37. Qxf5+ Nf6 38. Qe6 Qc5 39. Qxc6 Qxc6 40. bxc6 Rc8 41. Ba4 Nd5 42. Rc1 Ke7 43. Kh2 Kd6 44. Kg3 Ra8 45. Bd1 Ra6 46. Bf3 Rxc6 47. Rxc6+ Kxc6 48. Kg4 g6 49. Be4 Kd6 50. Bxg6 Ke5 51. Bf7 Nf6+ 52. Kh4 Kf4 53. Bh5 Ne4 1/2-1/2

[Event "Hamburg St Pauli op-B"]
[Site "Hamburg"]
[Date "2013.07.10"]
[Round "5"]
[White "Floren, Dieter"]
[Black "Krueger, David"]
[Result "0-1"]
[WhiteElo "1645"]
[BlackElo "1806"]
[PlyCount "54"]
[EventDate "2013.07.06"]
[EventType "swiss"]
[EventRounds "9"]
[EventCountry "GER"]
[SourceTitle "EXT 2014"]
[Source "ChessBase"]
[SourceDate "2013.11.20"]
[SourceVersion "1"]
[SourceVersionDate "2013.11.20"]
[SourceQuality "1"]

1. e4 c5 2. c3 d5 3. exd5 Qxd5 4. d4 Nc6 5. Be3 cxd4 6. cxd4 Nf6 7. Nc3 Qd8 8. h3 e6 9. Nf3 Nb4 10. Ne5 a6 11. Bg5 Qxd4 12. Qxd4 Nc2+ 13. Kd1 Nxd4 14. Bd3 Nd7 15. Nc4 b5 16. Be4 Rb8 17. Bf4 bxc4 18. Bxb8 Nxb8 19. g4 Bd7 20. Re1 Bb4 21. a4 0-0 22. Re3 Bc5 23. Rb1 Nbc6 24. Bxc6 Bxc6 25. Re5 Bb6 26. a5 Ba7 27. f4 Rd8 0-1

[Event "Hamburg St Pauli op-B"]
[Site "Hamburg"]
[Date "2013.07.09"]
[Round "4"]
[White "Krueger, David"]
[Black "Raedisch, Peter"]
[Result "1-0"]
[WhiteElo "1806"]
[BlackElo "1684"]
[PlyCount "84"]
[EventDate "2013.07.06"]
[EventType "swiss"]
[EventRounds "9"]
[EventCountry "GER"]
[SourceTitle "EXT 2014"]
[Source "ChessBase"]
[SourceDate "2013.11.20"]
[SourceVersion "1"]
[SourceVersionDate "2013.11.20"]
[SourceQuality "1"]

1. e4 e5 2. f4 Nc6 3. Nf3 exf4 4. d4 d5 5. e5 g5 6. Bb5 g4 7. Ng1 Qh4+ 8. Kf1 Bh6 9. Nc3 Nge7 10. Nge2 f3 11. Nf4 fxg2+ 12. Kxg2 Bxf4 13. Bxf4 Be6 14. Qd2 Qh3+ 15. Kf2 Qf3+ 16. Kg1 Qh3 17. Rf1 0-0-0 18. Kf2 a6 19. Bxc6 Nxc6 20. Ke1 Qh5 21. Na4 Rhg8 22. Qc3 Qg6 23. Nc5 Bd7 24. Kd1 Rge8 25. Bg3 h5 26. Rf6 Qh7 27. Rhf1 Be6 28. Nxa6 h4 29. Bf2 g3 30. hxg3 hxg3 31. Bxg3 Qe4 32. R6f4 Qg6 33. Nc5 Rg8 34. Bh4 Rde8 35. Qa3 Kb8 36. Qb3 Bc8 37. Na6+ Ka7 38. Nxc7 Be6 39. Nxe8 Rxe8 40. Qa3+ Kb8 41. Qd6+ Kc8 42. Kc1 Qg2 1-0

[Event "Hamburg-ch MB"]
[Site "Hamburg"]
[Date "2013.05.24"]
[Round "7"]
[White "Krueger, David"]
[Black "Opasiak, Dustin Tennessee"]
[Result "1/2-1/2"]
[WhiteElo "1798"]
[BlackElo "1791"]
[PlyCount "73"]
[EventDate "2013.05.18"]
[EventType "swiss"]
[EventRounds "9"]
[EventCountry "GER"]
[SourceTitle "EXT 2022"]
[Source "ChessBase"]
[SourceDate "2021.10.06"]
[SourceVersion "1"]
[SourceVersionDate "2021.10.06"]
[SourceQuality "1"]

1. e4 d5 2. exd5 Qxd5 3. Nc3 Qd6 4. d4 c6 5. Nf3 Nf6 6. Be3 Bg4 7. Be2 e6 8. h3 Bxf3 9. Bxf3 Qc7 10. Qd2 Nbd7 11. 0-0 Bd6 12. Rfe1 0-0 13. Ne4 Nxe4 14. Bxe4 Nf6 15. Bd3 Nd5 16. a3 Nxe3 17. fxe3 c5 18. c3 Rad8 19. Qe2 g6 20. Rac1 Be7 21. b4 cxd4 22. exd4 Bf6 23. Qf3 Bg7 24. Be4 b6 25. Bc6 Qd6 26. Kh1 Rc8 27. d5 exd5 28. Bxd5 Rxc3 29. Rxc3 Bxc3 30. Bxf7+ Rxf7 31. Qxc3 Rc7 32. Qe3 Kg7 33. Qe8 Rf7 34. Qe3 Qf4 35. Qc3+ Qf6 36. Qe3 Qb2 37. Re2 1/2-1/2

[Event "Hamburg-ch MB"]
[Site "Hamburg"]
[Date "2013.05.21"]
[Round "4"]
[White "Amini, Mahmood"]
[Black "Krueger, David"]
[Result "0-1"]
[WhiteElo "1667"]
[BlackElo "1798"]
[PlyCount "63"]
[EventDate "2013.05.18"]
[EventType "swiss"]
[EventRounds "9"]
[EventCountry "GER"]
[SourceTitle "EXT 2022"]
[Source "ChessBase"]
[SourceDate "2021.10.06"]
[SourceVersion "1"]
[SourceVersionDate "2021.10.06"]
[SourceQuality "1"]

1. e4 e5 2. Nc3 Nc6 3. Nf3 Nf6 4. Bc4 Bc5 5. 0-0 d6 6. d3 Bg4 7. Bg5 h6 8. Bxf6 Qxf6 9. Nd5 Qd8 10. a3 Nd4 11. Kh1 Nxf3 12. gxf3 Bh3 13. Rg1 c6 14. Ne3 Qh4 15. Rg3 g5 16. c3 h5 17. Qb3 0-0-0 18. Bxf7 g4 19. Be6+ Kc7 20. Rag1 Kb8 21. Qc2 Qf6 22. Bf5 Bxe3 23. fxe3 h4 24. Rxg4 Bxg4 25. Rxg4 h3 26. Qf2 Qf7 27. c4 d5 28. exd5 Qxf5 29. dxc6 Rxd3 30. Rg1 Rf8 31. Rf1 Qxf3+ 32. Kg1 0-1

[Event "Hamburg-ch MB"]
[Site "Hamburg"]
[Date "2013.05.19"]
[Round "2"]
[White "Cassens, Erhard Otto"]
[Black "Krueger, David"]
[Result "0-1"]
[WhiteElo "1837"]
[BlackElo "1798"]
[PlyCount "58"]
[EventDate "2013.05.18"]
[EventType "swiss"]
[EventRounds "9"]
[EventCountry "GER"]
[SourceTitle "EXT 2022"]
[Source "ChessBase"]
[SourceDate "2021.10.06"]
[SourceVersion "1"]
[SourceVersionDate "2021.10.06"]
[SourceQuality "1"]

1. d4 d5 2. Bf4 Nf6 3. e3 c5 4. c3 Nc6 5. Nd2 e6 6. Bd3 h6 7. Ngf3 Nh5 8. Bg3 Nxg3 9. hxg3 Qb6 10. Rb1 Bd7 11. dxc5 Bxc5 12. Nb3 Be7 13. Bc2 Bf6 14. g4 0-0-0 15. Nfd4 e5 16. Nf5 Be6 17. Ng3 d4 18. cxd4 exd4 19. e4 d3 20. Bxd3 Bc4 21. Nc1 Nb4 22. Ke2 Qb5 23. a4 Bxd3+ 24. Nxd3 Qxd3+ 25. Qxd3 Nxd3 26. b4 Nf4+ 27. Kf3 Rd3+ 28. Kxf4 Bg5+ 29. Kf5 g6+ 0-1

[Event "GER-chT Lands U20"]
[Site "Hannover"]
[Date "2012.10.03"]
[Round "7.4"]
[White "Krueger, David"]
[Black "Spiegelberg, Silvia"]
[Result "0-1"]
[WhiteElo "1767"]
[BlackElo "1974"]
[PlyCount "78"]
[EventDate "2012.09.29"]
[EventType "team-swiss"]
[EventRounds "7"]
[EventCountry "GER"]
[SourceTitle "CBM 150 Extra"]
[Source "ChessBase"]
[SourceDate "2012.10.19"]
[SourceVersion "1"]
[SourceVersionDate "2012.10.19"]
[SourceQuality "1"]
[WhiteTeam "Hamburg"]
[BlackTeam "Baden"]
[WhiteTeamCountry "GER"]
[BlackTeamCountry "GER"]

1. e4 e5 2. Nf3 Nc6 3. Bb5 a6 4. Ba4 Nf6 5. 0-0 Nxe4 6. Re1 Nc5 7. Bxc6 dxc6 8. Nxe5 Be7 9. Nc3 0-0 10. Ne2 f6 11. Nc4 Ne6 12. Ng3 Bc5 13. d3 b5 14. Nd2 Ng5 15. Nde4 Nxe4 16. Nxe4 Be7 17. Qf3 Re8 18. Be3 Be6 19. Bc5 Bd5 20. Bxe7 Rxe7 21. Qg4 Re5 22. f4 Re8 23. Nc3 Bf7 24. Rxe8+ Qxe8 25. Kf2 Bh5 26. Qg3 Qf8 27. Qh3 Qc5+ 28. Qe3 Qf5 29. Ne4 Re8 30. Re1 Qd5 31. g4 Bf7 32. a3 Qd7 33. Rg1 a5 34. h3 Qe6 35. Re1 f5 36. gxf5 Qxf5 37. Qg3 Bg6 38. Qg4 Qf8 39. Kg3 a4 0-1

[Event "GER-chT Lands U20"]
[Site "Hannover"]
[Date "2012.10.01"]
[Round "4.4"]
[White "Zahn, Alina"]
[Black "Krueger, David"]
[Result "1/2-1/2"]
[WhiteElo "1939"]
[BlackElo "1767"]
[PlyCount "102"]
[EventDate "2012.09.29"]
[EventType "team-swiss"]
[EventRounds "7"]
[EventCountry "GER"]
[SourceTitle "CBM 150 Extra"]
[Source "ChessBase"]
[SourceDate "2012.10.19"]
[SourceVersion "1"]
[SourceVersionDate "2012.10.19"]
[SourceQuality "1"]
[WhiteTeam "Thueringen"]
[BlackTeam "Hamburg"]
[WhiteTeamCountry "GER"]
[BlackTeamCountry "GER"]

1. e4 e5 2. Bc4 Bc5 3. Nf3 Nc6 4. c3 Nf6 5. d3 a6 6. Bb3 Ba7 7. h3 d6 8. Nbd2 h6 9. Nf1 Be6 10. Bc2 d5 11. Qe2 dxe4 12. dxe4 Qe7 13. Be3 Nd7 14. Bxa7 Nxa7 15. Ne3 0-0-0 16. 0-0 g5 17. Nd5 Bxd5 18. exd5 Kb8 19. Rad1 Nc8 20. Rfe1 Rde8 21. Qd2 Qd6 22. c4 f6 23. b4 h5 24. c5 Qf8 25. Nh2 Qg7 26. Re3 Nf8 27. c6 Nd6 28. cxb7 Kxb7 29. Qc3 Qd7 30. a4 Rb8 31. Bd3 Rg8 32. Rc1 Ng6 33. Qc5 Nf4 34. Bf1 Ra8 35. Rec3 Ne8 36. Qa5 Nxd5 37. Rd3 c6 38. g3 Nec7 39. Bg2 Qe7 40. Bxd5 Nxd5 41. Rc5 Qc7 42. Qxc7+ Nxc7 43. Rd6 Rgf8 44. Rdxc6 Rf7 45. Nf1 Re8 46. Ne3 Re6 47. Rxe6 Nxe6 48. Rd5 Rc7 49. Rd6 Rc6 50. Rd7+ Rc7 51. Rd6 Rc6 1/2-1/2

[Event "GER-chT Lands U20"]
[Site "Hannover"]
[Date "2012.09.30"]
[Round "3.4"]
[White "Krueger, David"]
[Black "Vogel, Roven"]
[Result "0-1"]
[WhiteElo "1767"]
[BlackElo "2024"]
[PlyCount "102"]
[EventDate "2012.09.29"]
[EventType "team-swiss"]
[EventRounds "7"]
[EventCountry "GER"]
[SourceTitle "CBM 150 Extra"]
[Source "ChessBase"]
[SourceDate "2012.10.19"]
[SourceVersion "1"]
[SourceVersionDate "2012.10.19"]
[SourceQuality "1"]
[WhiteTeam "Hamburg"]
[BlackTeam "Sachsen"]
[WhiteTeamCountry "GER"]
[BlackTeamCountry "GER"]

1. e4 d6 2. d4 Nf6 3. Nc3 g6 4. f4 Bg7 5. Nf3 0-0 6. Bd3 Nc6 7. e5 dxe5 8. dxe5 Nd5 9. Ne4 Ndb4 10. 0-0 Nxd3 11. cxd3 Bf5 12. Be3 Nb4 13. Ne1 Nxd3 14. Nxd3 Bxe4 15. Nc5 Qxd1 16. Raxd1 Bc6 17. Rd2 Rfd8 18. Rfd1 Rxd2 19. Rxd2 Kf8 20. Nb3 e6 21. Nd4 Be8 22. Nf3 b6 23. Ng5 h6 24. Ne4 Bc6 25. Rd4 Bxe4 26. Rxe4 Ke8 27. Kf2 h5 28. Bd2 Bf8 29. Bb4 Bxb4 30. Rxb4 Rd8 31. Ke2 Rd5 32. Rc4 Kd7 33. Ke3 c5 34. b4 Kc6 35. bxc5 Rxc5 36. Kd4 Rxc4+ 37. Kxc4 b5+ 38. Kd4 Kb6 39. g3 Ka5 40. Kc5 Ka4 41. Kd6 Ka3 42. Ke7 Kxa2 43. Kxf7 b4 44. Kxe6 b3 45. Kf7 b2 46. e6 b1Q 47. e7 Qf5+ 48. Kg7 Qe6 49. Kf8 Qf6+ 50. Ke8 Kb3 51. Kd7 Qf7 0-1

[Event "GER-ch U12"]
[Site "Oberhof"]
[Date "2012.05.30"]
[Round "6"]
[White "Krueger, David"]
[Black "Schamber, Dennis"]
[Result "1-0"]
[WhiteElo "1701"]
[BlackElo "1108"]
[PlyCount "113"]
[EventDate "2012.05.27"]
[EventType "swiss"]
[EventRounds "11"]
[EventCountry "GER"]
[SourceTitle "CBM 148 Extra"]
[Source "ChessBase"]
[SourceDate "2012.06.22"]
[SourceVersion "1"]
[SourceVersionDate "2012.06.22"]
[SourceQuality "1"]

1. d4 Nf6 2. c4 g6 3. g3 Bg7 4. Bg2 d6 5. Nc3 0-0 6. Nf3 Nbd7 7. 0-0 e5 8. d5 Ne8 9. Rb1 f5 10. e3 e4 11. Ne1 Ne5 12. Qe2 Nf6 13. f3 exf3 14. Nxf3 Re8 15. b4 Bh6 16. Nd4 Rb8 17. a4 Neg4 18. Nc2 Qe7 19. Rf3 Ne5 20. Rf1 Neg4 21. Re1 b6 22. Nb5 a6 23. Nbd4 Bd7 24. Ra1 a5 25. b5 Rbc8 26. Ra3 Ne5 27. Nc6 Bxc6 28. bxc6 Nf7 29. Nd4 Ng5 30. Bb2 Nge4 31. Ne6 Nc5 32. Nxc5 bxc5 33. Qd2 Rb8 34. Bxf6 Qxf6 35. Qxa5 Rb4 36. Qxc7 Rbb8 37. Qa5 Ra8 38. Qd2 Rab8 39. Re2 Rb1+ 40. Kf2 f4 41. gxf4 Bxf4 42. exf4 Rxe2+ 43. Qxe2 Rb2 44. Rf3 Rxe2+ 45. Kxe2 Qb2+ 46. Kf1 Qa1+ 47. Kf2 Qxa4 48. Bh3 Qa7 49. f5 Kg7 50. f6+ Kf7 51. Be6+ Kf8 52. Kg3 h6 53. Rb3 Qc7 54. Rb7 Qc8 55. Bxc8 h5 56. Be6 Ke8 57. Rb8# 1-0

[Event "Hamburg-ch MB"]
[Site "Hamburg"]
[Date "2011.10.04"]
[Round "4.3"]
[White "Krueger, David"]
[Black "Atri, Jamshid"]
[Result "0-1"]
[WhiteElo "1750"]
[BlackElo "2048"]
[PlyCount "84"]
[EventDate "2011.10.09"]
[EventType "swiss"]
[EventRounds "9"]
[EventCountry "GER"]
[SourceTitle "EXT 2012"]
[Source "ChessBase"]
[SourceDate "2011.11.24"]
[SourceVersion "1"]
[SourceVersionDate "2011.11.24"]
[SourceQuality "1"]

1. e4 e5 2. Nf3 Nc6 3. Bb5 Nf6 4. d3 d6 5. Nc3 Be7 6. 0-0 0-0 7. h3 a6 8. Ba4 b5 9. Bb3 Na5 10. Nh2 Nxb3 11. axb3 b4 12. Ne2 d5 13. exd5 Qxd5 14. f4 Bb7 15. Nf3 e4 16. dxe4 Qxe4 17. Ng3 Qc6 18. Be3 Rad8 19. Qe2 Rfe8 20. Qf2 Bf8 21. Ne5 Qd5 22. Rad1 Qb5 23. Nf5 Ne4 24. Qh4 Rxd1 25. Rxd1 Qe2 26. Re1 Qxc2 27. Qg4 g6 28. Nd4 Qxb2 29. Re2 Qb1+ 30. Kh2 Nf6 31. Qg5 Bg7 32. Rc2 Nd5 33. Bg1 Nxf4 34. Nxf7 Nd5 35. Rf2 Qd3 36. Nc2 Qe4 37. Nd8 Qe5+ 38. Qxe5 Bxe5+ 39. Kh1 Rxd8 40. Rd2 Rf8 41. Rd1 Bc3 42. Bc5 Ra8 0-1

[Event "Hamburg St Pauli op-B"]
[Site "Hamburg"]
[Date "2011.07.17"]
[Round "9"]
[White "Vokroj, Gabriela"]
[Black "Krueger, David"]
[Result "0-1"]
[WhiteElo "1855"]
[BlackElo "1740"]
[PlyCount "120"]
[EventDate "2011.07.09"]
[EventType "swiss"]
[EventRounds "9"]
[EventCountry "GER"]
[SourceTitle "CBM 143 Extra"]
[Source "ChessBase"]
[SourceDate "2011.08.29"]
[SourceVersion "1"]
[SourceVersionDate "2011.08.29"]
[SourceQuality "1"]

1. Nf3 c5 2. Nc3 Nc6 3. g3 g6 4. Bg2 Bg7 5. e4 Nf6 6. d3 d6 7. 0-0 0-0 8. Nh4 a6 9. Ne2 Ne8 10. f4 e6 11. c3 f5 12. exf5 exf5 13. Be3 Nf6 14. h3 Re8 15. Bf2 Qb6 16. Qd2 Nh5 17. Kh2 Bd7 18. Nf3 Re7 19. Rfe1 Rae8 20. b4 Nxb4 21. Rab1 Qa5 22. cxb4 cxb4 23. Ned4 Rxe1 24. Rxe1 Rxe1 25. Nxe1 b6 26. Nb3 Qb5 27. d4 a5 28. Qc2 a4 29. Nd2 d5 30. Nd3 Be6 31. Ne5 Bf8 32. Nc6 Qe2 33. Kg1 b3 34. axb3 axb3 35. Qc1 Qb5 36. Nd8 Bd7 37. Bf1 b2 38. Qc2 Qb4 39. Nb1 Be7 40. Qc7 Qd6 41. Qxd6 Bxd6 42. Kg2 Be7 43. Nb7 Bc6 44. Ba6 Kf8 45. Be1 Ke8 46. Bc3 Kd7 47. Bxb2 Kc7 48. Nc5 bxc5 49. Ba3 Kb6 50. Be2 Nf6 51. Nd2 Bd6 52. Kf1 h5 53. Nf3 Ne4 54. dxc5+ Bxc5 55. Bxc5+ Kxc5 56. Kg2 Be8 57. Ne5 Kd4 58. Kf3 Kc3 59. Bd3 Kd2 60. g4 hxg4+ 0-1